| 000 | 02845nam a2200385 a 4500 | ||
|---|---|---|---|
| 001 | ebr10270791 | ||
| 003 | CaPaEBR | ||
| 006 | m u | ||
| 007 | cr cn||||||||| | ||
| 008 | 070628s2007 ne ab sb 001 0 eng d | ||
| 010 | _z 2007026972 | ||
| 020 | _z9789004161696 (pbk. : alk. paper) | ||
| 040 |
_aCaPaEBR _cCaPaEBR |
||
| 035 | _a(OCoLC)646789519 | ||
| 043 | _af-sa--- | ||
| 050 | 1 | 4 |
_aHD991.Z8 _bE175 2007eb |
| 082 | 0 | 4 |
_a338.1096875/5 _222 |
| 245 | 0 | 0 |
_aLivelihoods and landscapes _h[electronic resource] : _bthe people of Guquka and Koloni and their resources / _cedited by Paul Hebinck, Peter C. Lent. |
| 260 |
_aLeiden ; _aBoston : _bBrill, _c2007. |
||
| 300 |
_axiv, 394 p. : _bill., maps. |
||
| 490 | 1 |
_aAfrika-Studiecentrum series, _x1570-9310 ; _vv. 9 |
|
| 504 | _aIncludes bibliographical references and index. | ||
| 505 | 0 | _aInvestigating rural livelihoods and landscapes in Guquka and Koloni : an introduction / Paul Hebinck -- Rural transformation in the eastern Cape / Paul Hebinck and Wim van Averbeke -- Agro-ecology, land use, and smallholder farming in the central eastern Cape / Wim van Averbeke and James Bennett -- A social history of Guquka and Koloni : settlement and resources / Paul Hebinck and Lothar Smith -- Natural resource base and agricultural potentials / Peter C. Lent -- Local governance and institutions / Wim van Averbeke and James Bennett -- The view from above : a history of land use in Guquka and Koloni, 1938-1996 / Peter C. Lent and Guilty Mupakati -- Production of crops in arable fields and home gardens / Paul Hebinck and Nomakaya Monde -- Livestock production and forage resources / James Bennett and Peter C. Lent -- Gathering from the land / Peter C. Lent -- Mobility and population dynamics / Lothar Smith and Paul Hebinck -- Contemporary livelihoods / Wim van Averbeke and Paul Hebinck -- Life histories and livelihood trajectories / Paul Hebinck ... [et al.] -- Livelihoods and landscapes : people, resources and land use / Paul Hebinck and Wim van Averbeke. | |
| 533 |
_aElectronic reproduction. _bPalo Alto, Calif. : _cebrary, _d2011. _nAvailable via World Wide Web. _nAccess may be limited to ebrary affiliated libraries. |
||
| 650 | 0 |
_aLand use, Rural _zSouth Africa _zEastern Cape _vCase studies. |
|
| 650 | 0 |
_aRural development _zSouth Africa _zEastern Cape _vCase studies. |
|
| 650 | 0 |
_aAgricultural laborers _zSouth Africa _zEastern Cape _vCase studies. |
|
| 650 | 0 |
_aNatural resources _zSouth Africa _zEastern Cape _vCase studies. |
|
| 655 | 7 |
_aElectronic books. _2local |
|
| 700 | 1 |
_aHebinck, Paulus Gerardus Maria, _d1953- |
|
| 700 | 1 | _aLent, Peter C. | |
| 710 | 2 | _aebrary, Inc. | |
| 830 | 0 |
_aAfrika-Studiecentrum series ; _vv. 9. |
|
| 856 | 4 | 0 |
_uhttp://site.ebrary.com/lib/rucke/Doc?id=10270791 _zAn electronic book accessible through the World Wide Web; click to view |
| 999 |
_c22754 _d22754 |
||